书目信息 |
| 题名: |
建设工程合同管理
|
|
| 作者: | 贾彦芳 主编 | |
| 分册: | ||
| 出版信息: | 北京 中国建筑工业出版社 2010.01 |
|
| 页数: | 234页 | |
| 开本: | 26cm | |
| 丛书名: | 全国监理工程师执业资格考试辅导与实战训练 | |
| 单 册: | ||
| 中图分类: | TU723.1 | |
| 科图分类: | ||
| 主题词: | 建筑工程--jian zhu gong cheng--经济合同--管理--自学参考资料--工程技术人员--资格考核 | |
| 电子资源: | ||
| ISBN: | 978-7-112-11738-3 | |
| 000 | 01007nam 2200265 450 | |
| 001 | 012001000736 | |
| 005 | 20100508162908.93 | |
| 010 | @a978-7-112-11738-3@dCNY36.00 | |
| 100 | @a20100515d2010 km y0chiy0121 eb | |
| 101 | 0 | @achi |
| 102 | @aCN@b110000 | |
| 105 | @aa z 000yy | |
| 110 | @abuu 0xx0 | |
| 200 | 1 | @a建设工程合同管理@Ajian she gong cheng he tong guan li@e2010年版@f贾彦芳主编 |
| 210 | @a北京@c中国建筑工业出版社@d2010.01 | |
| 215 | @a234页@c图@d26cm | |
| 225 | 2 | @a全国监理工程师执业资格考试辅导与实战训练@Aquan guo jian li gong cheng shi zhi ye zi ge kao shi fu dao yu shi zhan xun lian |
| 330 | @a本书是根据全国监理工程师执业资格考试大纲和教材编写而成。 | |
| 410 | 0 | @12001 @a全国监理工程师执业资格考试辅导与实战训练 |
| 517 | 1 | @a2010年版@A2010 nian ban |
| 606 | 0 | @a建筑工程@Ajian zhu gong cheng@x经济合同@x管理@j自学参考资料@x工程技术人员@x资格考核 |
| 690 | @aTU723.1@v4 | |
| 701 | 0 | @a贾彦芳@Ajia yan fang@4主编 |
| 801 | 0 | @aCN@c20100515 |
| 905 | @dTU723.1@eJ252-2@f5 | |
| 建设工程合同管理:2010年版/贾彦芳主编.-北京:中国建筑工业出版社,2010.01 |
| 234页:图;26cm.-(全国监理工程师执业资格考试辅导与实战训练) |
| ISBN 978-7-112-11738-3:CNY36.00 |
| 本书是根据全国监理工程师执业资格考试大纲和教材编写而成。 |
| ● |
| 相关链接 |
|
|
|
正题名:建设工程合同管理
索取号:TU723.1/J252-2
 
预约/预借
| 序号 | 登录号 | 条形码 | 馆藏地/架位号 | 状态 | 备注 |
| 1 | 981496 | 209814968 | 建筑库201/201建筑库 32排3列1层/ [索取号:TU723.1/J252-2] | 在馆 | |
| 2 | 981497 | 209814977 | 管理学院资料室/101建筑库 60排4列2层/ [索取号:TU723.1/J252-2] | 在馆 | |
| 3 | 981498 | 209814986 | 建筑库201/201建筑库 32排3列1层/ [索取号:TU723.1/J252-2] | 在馆 | |
| 4 | 981499 | 209814995 | 建筑库201/201建筑库 32排3列1层/ [索取号:TU723.1/J252-2] | 在馆 | |
| 5 | 981500 | 209815002 | 建筑库201/201建筑库 32排3列1层/ [索取号:TU723.1/J252-2] | 在馆 |